|
|
|
|
| LEADER |
00000nam a22000007a 4500 |
| 005 |
20151109104754.0 |
| 007 |
cr|||| ||u| |
| 008 |
151109s19882009-usm||pos|||| 0|||a1eng d |
| 022 |
|
|
|a 1060-4154
|
| 035 |
|
|
|a 2844
|
| 040 |
|
|
|a vLex
|
| 090 |
|
|
|c 5678
|d 5678
|
| 245 |
1 |
0 |
|a Indiana Business Magazine
|h [Recurso electrn̤ico] /
|c Curtis Magazine Group, Inc.
|
| 256 |
|
|
|a Servicio en ln̕ea
|
| 260 |
|
|
|a Estados Unidos
|b Curtis Magazine Group, Inc.
|c 1988 - 2009
|
| 300 |
|
|
|a 1 recurso electrn̤ico
|
| 506 |
1 |
|
|a Contenido solo disponible en los productos indicados
|d vLex Global
|d vLex Global (Academic Edition, excluding Law Schools)
|d vLex Global (U.S. Academic Edition, Law Schools)
|d vLex Global (U.S. Academic Edition, excluding Law Schools)
|d vLex Global (Academic Edition, Law Schools)
|
| 650 |
0 |
4 |
|a Negocios
|z Estados Unidos
|
| 740 |
0 |
|
|a vLex revista (servicio en ln̕ea)
|
| 856 |
4 |
0 |
|u http://vlex.com/source/indiana-business-magazine-2844
|z Acceso restringido
|
| 942 |
|
|
|c REV
|
| 999 |
0 |
|
|a Business
|